[Event "CAMPEONATO PANAMERICANO DE AJEDREZ"]
[Site "Hotel oro Verde, Guayaquil - Ecuador"]
[Date "2018.06.20"]
[Round "3"]
[Board "4"]
[White "Ortiz Verdesoto, Anahi"]
[Black "Puppi Lazo, Stephanie Beatriz"]
[Result "0-1"]
[WhiteElo "1974"]
[BlackElo "1832"]
[PlyCount "112"]
[EventDate "2018.06.19"]
[EventRounds "9"]
[EventCountry "ECU"]

1. d4 Nf6 2. Nf3 e6 3. g3 c5 4. Bg2 d5 5. O-O Bd6 6. b3 O-O 7. Bb2 cxd4 8. Nxd4
Re8 9. c4 a6 10. cxd5 Nxd5 11. Nd2 Bf8 12. Qc2 e5 13. N4f3 Nc6 14. Rfd1 Bg4 15.
a3 Rc8 16. Qb1 Nd4 17. Bxd4 exd4 18. Qd3 Nc3 19. Re1 Bc5 20. Nc4 Qf6 21. h3 Bf5
22. Qd2 b5 23. Nb2 Qe6 24. b4 Nxe2+ 25. Kf1 Bb6 26. Nd3 Qb3 27. Nde5 d3 28.
Rab1 Qc2 29. Rbd1 Qxd2 30. Rxd2 Rc2 31. Rxc2 dxc2 32. Kxe2 f6 33. Rc1 fxe5 34.
Nh4 Be6 35. Rxc2 Bc4+ 36. Ke1 Bd4 37. Be4 Rd8 38. Nf5 g6 39. Ne3 Be6 40. g4 Rd6
41. Ke2 Bb3 42. Rc8+ Kg7 43. Rc7+ Kf6 44. Rxh7 Bb2 45. h4 Bxa3 46. g5+ Ke6 47.
Rg7 Bxb4 48. Bxg6 Rd2+ 49. Kf3 Kd6 50. Be4 a5 51. Nf5+ Ke6 52. Rg6+ Kf7 53. Rb6
Bd1+ 54. Kg3 Bc5 55. g6+ Ke8 56. Ne3 Bxb6  0-1

[Event "CAMPEONATO PANAMERICANO DE AJEDREZ"]
[Site "Hotel oro Verde, Guayaquil - Ecuador"]
[Date "2018.06.20"]
[Round "3"]
[Board "5"]
[White "Mostacero Velarde, Isabella"]
[Black "Vittal, Sanjana"]
[Result "1/2-1/2"]
[WhiteElo "1827"]
[BlackElo "1945"]
[PlyCount "105"]
[EventDate "2018.06.19"]
[EventRounds "9"]
[EventCountry "ECU"]

1. e4 e5 2. Nf3 Nc6 3. Nc3 Nf6 4. d4 exd4 5. Nxd4 Bb4 6. Nxc6 bxc6 7. Bd3 O-O
8. O-O d5 9. exd5 cxd5 10. Bg5 c6 11. h3 h6 12. Bh4 Rb8 13. Qf3 Bd6 14. Nd1 Be5
15. Rb1 Qd6 16. c3 Re8 17. Kh1 g6 18. Ne3 Bd7 19. Bc2 Nh7 20. Ng4 Bxg4 21. Qxg4
Nf6 22. Bxf6 Qxf6 23. f4 Bc7 24. h4 h5 25. Qh3 Re2 26. Bd3 Rexb2 27. Rxb2 Rxb2
28. f5 g5 29. hxg5 Qxg5 30. f6 Qg4 31. Qxg4+ hxg4 32. Bf5 Bg3 33. Bxg4 Rxa2 34.
Bd7 c5 35. Kg1 Re2 36. Bc6 d4 37. cxd4 cxd4 38. Bb5 Re6 39. Ra1 Rxf6 40. Rxa7
Rb6 41. Bf1 Rf6 42. Ra3 Bf2+ 43. Kh2 Be3 44. Bd3 Rb6 45. Ra7 Bf2 46. g4 Rc6 47.
Kg2 Be3 48. Kf3 Rf6+ 49. Kg3 Bf2+ 50. Kg2 Be3 51. Kg3 Bf4+ 52. Kg2 Rh6 53. Bc4
 1/2-1/2

[Event "CAMPEONATO PANAMERICANO DE AJEDREZ"]
[Site "Hotel oro Verde, Guayaquil - Ecuador"]
[Date "2018.06.20"]
[Round "3"]
[Board "6"]
[White "Nunez Giler, Fanny"]
[Black "Ruiz, Mishell"]
[Result "1/2-1/2"]
[WhiteElo "1578"]
[BlackElo "1877"]
[PlyCount "92"]
[EventDate "2018.06.19"]
[EventRounds "9"]
[EventCountry "ECU"]

1. e4 g6 2. d4 Bg7 3. Nf3 c5 4. Nc3 Nc6 5. Be3 cxd4 6. Nxd4 Nf6 7. Bc4 O-O 8.
Bb3 d6 9. f3 Bd7 10. O-O Rc8 11. Qd2 Ne5 12. Qe2 a6 13. Rad1 b5 14. Nd5 Nc4 15.
Bxc4 Rxc4 16. c3 Nxd5 17. exd5 Qa8 18. Bf2 Re8 19. Nc2 Bc8 20. Rfe1 Bb7 21. Qd3
Qc8 22. Re2 Be5 23. Rde1 Qd7 24. Re4 Rxe4 25. Rxe4 Bf6 26. Bh4 Bg7 27. Re1 Qc7
28. Bf2 Qd7 29. Ne3 Rc8 30. Bh4 Re8 31. f4 Bf6 32. Bg3 Kg7 33. f5 Be5 34. Bf2
Bc8 35. fxg6 hxg6 36. Rf1 Rh8 37. Bg3 Bxg3 38. hxg3 Qa7 39. Kf2 Rh5 40. Ke2 Re5
41. Kd2 Qc5 42. Rf4 Rg5 43. Qe4 Re5 44. Qd3 Rg5 45. Qe4 Re5 46. Qd3 Bb7  1/2-1/2

[Event "CAMPEONATO PANAMERICANO DE AJEDREZ"]
[Site "Hotel oro Verde, Guayaquil - Ecuador"]
[Date "2018.06.20"]
[Round "3"]
[Board "7"]
[White "Ayala Rosero, Ariana Marcela"]
[Black "Gomez Barrera, Javiera Belen"]
[Result "0-1"]
[WhiteElo "1584"]
[BlackElo "2129"]
[PlyCount "120"]
[EventDate "2018.06.19"]
[EventRounds "9"]
[EventCountry "ECU"]

1. d4 Nf6 2. c4 g6 3. Nc3 Bg7 4. e4 d6 5. Nf3 O-O 6. Be2 e5 7. d5 a5 8. Be3 Na6
9. Nd2 Nc5 10. O-O Qe7 11. b3 Nfd7 12. a3 f5 13. f3 f4 14. Bf2 b6 15. Rb1 g5
16. b4 Na6 17. Qb3 Kh8 18. Rfc1 Rg8 19. Na4 Rb8 20. Qc2 axb4 21. axb4 Nf6 22.
c5 b5 23. Nc3 Qe8 24. c6 Qg6 25. Qd3 h5 26. Nf1 Bh6 27. Rc2 g4 28. Nd2 gxf3 29.
Bxf3 Bh3 30. Qf1 Rbf8 31. Kh1 Bc8 32. Nxb5 Nxd5 33. Rcb2 Ne3 34. Qg1 Ng4 35.
Bh4 Rf7 36. Nc3 Ne3 37. Re1 Rfg7 38. Re2 Bh3 39. Nf1 Nc4 40. Rb1 Bg4 41. Qf2
Be6 42. Na4 Na3 43. Rbb2 Nb5 44. Red2 Nd4 45. Rxd4 exd4 46. Qxd4 Bg5 47. Be1
Bf6 48. Qd2 Bxb2 49. Qxb2 Bg4 50. Bxg4 Qxg4 51. Bc3 f3 52. Bxg7+ Rxg7 53. Ne3
Qxe4 54. Qf2 Qb1+ 55. Qg1 fxg2+ 56. Nxg2 Qxg1+ 57. Kxg1 Nxb4 58. Kf2 Nxc6 59.
Nc3 Ne5 60. h4 c6  0-1

[Event "CAMPEONATO PANAMERICANO DE AJEDREZ"]
[Site "Hotel oro Verde, Guayaquil - Ecuador"]
[Date "2018.06.20"]
[Round "3"]
[Board "8"]
[White "Pacheco Jimenez, Yesenia"]
[Black "Cosme Contreras, Trilce"]
[Result "0-1"]
[WhiteElo "1576"]
[BlackElo "2007"]
[PlyCount "122"]
[EventDate "2018.06.19"]
[EventRounds "9"]
[EventCountry "ECU"]

1. d4 Nf6 2. Nf3 g6 3. g3 Bg7 4. Bg2 O-O 5. O-O d6 6. c4 Nc6 7. Nc3 a6 8. Re1
Rb8 9. e4 Bg4 10. h3 Bxf3 11. Bxf3 e5 12. d5 Nd4 13. Bg2 c5 14. dxc6 bxc6 15.
b3 h6 16. Be3 c5 17. Qd2 Kh7 18. Rad1 a5 19. Qd3 Ng8 20. Ne2 Ne7 21. Nc3 Nec6
22. Nd5 Nb4 23. Qd2 Nxd5 24. cxd5 a4 25. Bxd4 exd4 26. Qd3 Qa5 27. Rc1 Rb4 28.
Re2 axb3 29. axb3 Qa3 30. Rb1 c4 31. Qd1 Rfb8 32. Kh2 Rxb3 33. Rc1 d3 34. Re1
Qb2 35. Rxc4 Rc3 36. Rxc3 Bxc3 37. Re3 d2 38. Qf3 Rb7 39. Rxc3 Qxc3 40. Qxc3
d1=Q 41. Qf6 Qe2 42. h4 Qb2 43. Qf4 Qe5 44. Qxe5 dxe5 45. Bh3 Rb6 46. Kg2 Kg7
47. Bd7 Kf6 48. Kf3 Ke7 49. Bh3 Kd6 50. Bc8 Rb3+ 51. Kg2 Kc5 52. Bd7 Rb6 53.
Be8 Rf6 54. Bc6 Rd6 55. Be8 Rf6 56. Bc6 g5 57. hxg5 hxg5 58. Be8 Kd4 59. Bc6 g4
60. Bb7 Rd6 61. Bc8 Kxe4  0-1

[Event "CAMPEONATO PANAMERICANO DE AJEDREZ"]
[Site "Hotel oro Verde, Guayaquil - Ecuador"]
[Date "2018.06.20"]
[Round "3"]
[Board "9"]
[White "Quezada Pauker, Katheen Gabriela"]
[Black "Lemus Pena, Macarena"]
[Result "0-1"]
[WhiteElo "1482"]
[BlackElo "1781"]
[PlyCount "76"]
[EventDate "2018.06.19"]
[EventRounds "9"]
[EventCountry "ECU"]

1. d4 Nf6 2. Bg5 Ne4 3. Bf4 d6 4. f3 Nf6 5. e4 g6 6. Nc3 Bg7 7. Qd2 h5 8. Bc4
c6 9. Bb3 Na6 10. Nge2 c5 11. dxc5 Nxc5 12. Bc4 a6 13. Nd5 Be6 14. Nxf6+ Bxf6
15. Bxe6 Nxe6 16. Be3 Rc8 17. c3 O-O 18. Nd4 Nc5 19. Bg5 Bh8 20. h4 d5 21. exd5
Qxd5 22. O-O Rfe8 23. Qf2 e5 24. Nc2 Ne6 25. Be3 Qb5 26. Rab1 Bf6 27. f4 exf4
28. Bxf4 Qf5 29. Ne3 Qxf4 30. Qxf4 Nxf4 31. Rxf4 Bxh4 32. Nd5 Bg5 33. Rff1 Re2
34. Rf2 Rce8 35. Rbf1 Rxf2 36. Rxf2 Rd8 37. c4 Rxd5 38. cxd5 Be3  0-1

[Event "CAMPEONATO PANAMERICANO DE AJEDREZ"]
[Site "Hotel oro Verde, Guayaquil - Ecuador"]
[Date "2018.06.21"]
[Round "4"]
[Board "1"]
[White "Cervantes Landeiro, Thalia"]
[Black "Caballero Quijano, Mitzy Mishell"]
[Result "1-0"]
[WhiteElo "2087"]
[BlackElo "2069"]
[PlyCount "69"]
[EventDate "2018.06.19"]
[EventRounds "9"]
[EventCountry "ECU"]

1. d4 e6 2. c4 f5 3. Nf3 Nf6 4. g3 b6 5. Bg2 Bb7 6. O-O Be7 7. b3 O-O 8. Bb2 a5
9. Nbd2 Qc8 10. e3 a4 11. Bc3 Ne4 12. Nxe4 Bxe4 13. b4 c5 14. dxc5 bxc5 15. b5
Qb7 16. Ne1 Bxg2 17. Nxg2 Re8 18. Nf4 Bf8 19. Qh5 Re7 20. Rfd1 Qe4 21. Rac1 Rf7
22. Qe2 a3 23. f3 Qb7 24. Rb1 Qb6 25. Rb3 Be7 26. Be5 g5 27. Nh5 d6 28. Ba1 Nd7
29. f4 Qb7 30. fxg5 Qe4 31. h4 Nb6 32. Rc1 Ra4 33. Bf6 Kf8 34. Bxe7+ Kxe7 35.
Nf6  1-0

[Event "CAMPEONATO PANAMERICANO DE AJEDREZ"]
[Site "Hotel oro Verde, Guayaquil - Ecuador"]
[Date "2018.06.21"]
[Round "4"]
[Board "2"]
[White "Librelato, Kathie Goulart"]
[Black "Puppi Lazo, Stephanie Beatriz"]
[Result "1-0"]
[WhiteElo "2072"]
[BlackElo "1832"]
[PlyCount "61"]
[EventDate "2018.06.19"]
[EventRounds "9"]
[EventCountry "ECU"]

1. e4 c5 2. Nc3 d6 3. d4 cxd4 4. Qxd4 Nc6 5. Qd2 Nf6 6. b3 e6 7. Bb2 Be7 8.
O-O-O Qa5 9. Kb1 O-O 10. Nge2 Rd8 11. Nd4 Nxd4 12. Qxd4 Bd7 13. f3 Ne8 14. Qd2
Qc5 15. g4 b5 16. Ne2 a5 17. Nd4 Nc7 18. h4 e5 19. Nf5 Bf8 20. h5 Ne6 21. g5 b4
22. g6 Bb5 23. gxf7+ Kxf7 24. Bxb5 Qxb5 25. Rhg1 Nf4 26. Nxg7 Bxg7 27. Rxg7+
Kxg7 28. Qxf4 Rf8 29. Qg5+ Kh8 30. f4 Rae8 31. h6  1-0

[Event "CAMPEONATO PANAMERICANO DE AJEDREZ"]
[Site "Hotel oro Verde, Guayaquil - Ecuador"]
[Date "2018.06.21"]
[Round "4"]
[Board "3"]
[White "Gomez Barrera, Javiera Belen"]
[Black "Mostacero Velarde, Isabella"]
[Result "0-1"]
[WhiteElo "2129"]
[BlackElo "1827"]
[PlyCount "92"]
[EventDate "2018.06.19"]
[EventRounds "9"]
[EventCountry "ECU"]

1. e4 c5 2. Nf3 e6 3. d4 cxd4 4. Nxd4 a6 5. Bd3 Bc5 6. Nb3 Be7 7. c4 d6 8. Nc3
Nf6 9. O-O Nbd7 10. Qe2 Qc7 11. f4 h5 12. Be3 Nc5 13. Nxc5 dxc5 14. e5 Ng4 15.
Bd2 g6 16. Ne4 Nh6 17. Bc3 Bd7 18. Nf6+ Bxf6 19. exf6 O-O-O 20. a3 Qb6 21. Kh1
Bc6 22. b4 Nf5 23. Be4 h4 24. b5 axb5 25. Bxc6 bxc6 26. Be1 Nd4 27. Qe4 h3 28.
g3 Rd7 29. Rb1 Qa6 30. cxb5 cxb5 31. Bf2 Qb7 32. Qxb7+ Rxb7 33. Rfc1 Rc7 34.
Bxd4 cxd4 35. Rxc7+ Kxc7 36. Rxb5 Ra8 37. Rb3 Kc6 38. g4 Rd8 39. Kg1 d3 40. Rb1
d2 41. Rd1 Kc5 42. Kf1 Kc4 43. a4 Kd3 44. a5 Ra8 45. Rb1 Rxa5 46. Rd1 Rc5  0-1

[Event "CAMPEONATO PANAMERICANO DE AJEDREZ"]
[Site "Hotel oro Verde, Guayaquil - Ecuador"]
[Date "2018.06.21"]
[Round "4"]
[Board "4"]
[White "Cosme Contreras, Trilce"]
[Black "Lemus Pena, Macarena"]
[Result "0-1"]
[WhiteElo "2007"]
[BlackElo "1781"]
[PlyCount "153"]
[EventDate "2018.06.19"]
[EventRounds "9"]
[EventCountry "ECU"]

1. c4 c5 2. Nf3 g6 3. e4 Nc6 4. d4 cxd4 5. Nxd4 Bg7 6. Be3 Nf6 7. Nc3 Ng4 8.
Qxg4 Nxd4 9. Qd1 Nc6 10. Qd2 h6 11. Be2 d6 12. O-O Be6 13. Rac1 Qa5 14. b3 a6
15. f4 Rc8 16. Bd3 f5 17. Bb1 O-O 18. Rf3 Kh7 19. exf5 Bxf5 20. Bxf5 Qxf5 21.
Ne2 Rcd8 22. Ng3 Qd7 23. Bb6 Rc8 24. Rcf1 Qe6 25. Re1 Qf6 26. f5 Ne5 27. Rff1
d5 28. fxg6+ Qxg6 29. Bd4 Rxf1+ 30. Rxf1 dxc4 31. Bxe5 Bxe5 32. bxc4 Bxg3 33.
hxg3 Qe6 34. Re1 Qb6+ 35. Kh2 Qc5 36. Qd3+ Kg7 37. Qc3+ Kh7 38. Re5 Qd6 39. Qe3
Rxc4 40. Rxe7+ Kg8 41. Re5 b5 42. Qe2 Rd4 43. Qh5 Kg7 44. Qe8 Kf6 45. Qh8+ Kf7
46. Qh7+ Kf8 47. Rf5+ Ke8 48. Qg8+ Kd7 49. Qg7+ Ke8 50. Re5+ Kd8 51. Qg8+ Kc7
52. Qe8 Qd8 53. Rc5+ Kb6 54. Rc6+ Ka5 55. Qe1+ b4 56. Rxh6 Qd5 57. Qe2 Qc4 58.
Qf2 Ka4 59. Qb2 Rd3 60. Rh5 Qc7 61. Rh3 Rc3 62. Qe2 Qc6 63. Rh4 Rc2 64. Qf1
Rxa2 65. Qd1+ Ka3 66. Qf1 a5 67. Rf4 Qh6+ 68. Kg1 Qc6 69. g4 Qc5+ 70. Kh2 b3
71. Qd3 Qe5 72. Qg3 Qh8+ 73. Kg1 Ra1+ 74. Kf2 Qb2+ 75. Ke3 Qc3+ 76. Kf2 Ra2+
77. Kf1  0-1

[Event "CAMPEONATO PANAMERICANO DE AJEDREZ"]
[Site "Hotel oro Verde, Guayaquil - Ecuador"]
[Date "2018.06.21"]
[Round "4"]
[Board "5"]
[White "Vittal, Sanjana"]
[Black "Nunez Giler, Fanny"]
[Result "1-0"]
[WhiteElo "1945"]
[BlackElo "1578"]
[PlyCount "41"]
[EventDate "2018.06.19"]
[EventRounds "9"]
[EventCountry "ECU"]

1. e4 Nf6 2. e5 Nd5 3. d4 d6 4. c4 Nb6 5. exd6 cxd6 6. Nc3 g6 7. Be3 Bg7 8. Nf3
O-O 9. h3 Nc6 10. Be2 Nd7 11. Qd2 Re8 12. Bh6 Bh8 13. h4 e5 14. d5 Ne7 15. h5
Nf5 16. hxg6 hxg6 17. Bg5 Qb6 18. Ne4 Ne7 19. Rxh8+ Kxh8 20. Bf6+ Nxf6 21. Qh6+
 1-0

[Event "CAMPEONATO PANAMERICANO DE AJEDREZ"]
[Site "Hotel oro Verde, Guayaquil - Ecuador"]
[Date "2018.06.21"]
[Round "4"]
[Board "6"]
[White "Ruiz, Mishell"]
[Black "Romero, Antonella"]
[Result "1-0"]
[WhiteElo "1877"]
[BlackElo "1900"]
[PlyCount "125"]
[EventDate "2018.06.19"]
[EventRounds "9"]
[EventCountry "ECU"]

1. e4 c5 2. Bc4 e6 3. Nc3 Nc6 4. Nf3 a6 5. a4 Nf6 6. O-O d6 7. Re1 Be7 8. Bf1
O-O 9. h3 Rb8 10. d4 cxd4 11. Nxd4 Qc7 12. Nb3 b6 13. Bf4 Rd8 14. Qe2 Bb7 15.
Red1 Rbc8 16. g3 Nd7 17. Bg2 Nde5 18. Be3 Na5 19. Nxa5 bxa5 20. Ra3 f5 21. Rb3
Nc4 22. Rxb7 Qxb7 23. exf5 Qc7 24. Bd4 e5 25. Nd5 Qd7 26. Nxe7+ Qxe7 27. Bd5+
Kf8 28. Bxc4 exd4 29. Qxe7+ Kxe7 30. Rxd4 Rc5 31. g4 d5 32. Bb3 Rd6 33. Kg2 Kd7
34. Kg3 Kc6 35. f3 Rd7 36. h4 Rf7 37. Rd3 Re7 38. Kf4 Re2 39. Re3 Rxe3 40. Kxe3
Kd6 41. Kd4 Rc8 42. c4 dxc4 43. Bxc4 Re8 44. Bxa6 Re1 45. b3 Rh1 46. h5 h6 47.
Kc4 Kc6 48. Bb5+ Kd6 49. Kd4 Rd1+ 50. Ke4 Rb1 51. Bc4 Kc5 52. f6 gxf6 53. Kf5
Rd1 54. Kxf6 Rd6+ 55. Kg7 Kd4 56. f4 Ke4 57. g5 hxg5 58. fxg5 Kf5 59. g6 Kg5
60. Bf7 Kxh5 61. Kf8 Kh6 62. g7 Rd8+ 63. Ke7  1-0

[Event "CAMPEONATO PANAMERICANO DE AJEDREZ"]
[Site "Hotel oro Verde, Guayaquil - Ecuador"]
[Date "2018.06.21"]
[Round "4"]
[Board "7"]
[White "Jaramillo, Samantha"]
[Black "Ortiz Verdesoto, Anahi"]
[Result "0-1"]
[WhiteElo "1699"]
[BlackElo "1974"]
[PlyCount "76"]
[EventDate "2018.06.19"]
[EventRounds "9"]
[EventCountry "ECU"]

1. d4 Nf6 2. Nf3 e6 3. g3 b6 4. Bg2 Bb7 5. O-O c5 6. b3 cxd4 7. Qxd4 Nc6 8. Qd1
d5 9. Bb2 Be7 10. Nd4 Qc7 11. e3 O-O 12. Nd2 Rfd8 13. N2f3 Nxd4 14. exd4 Ne4
15. Re1 Rac8 16. Rc1 Nc3 17. Bxc3 Qxc3 18. Ne5 Ba3 19. Rb1 Qxc2 20. Qh5 Qf5 21.
Qh4 Qf6 22. Qh5 Rc2 23. f4 Rdc8 24. Bh3 Bb4 25. Re2 Ba6 26. Rxc2 Rxc2 27. Qd1
Rc7 28. Rc1 Bc3 29. Kh1 Qe7 30. Rc2 Qb4 31. f5 exf5 32. Bxf5 g6 33. Bh3 Kg7 34.
Ng4 Re7 35. Ne5 Qxd4 36. Qxd4 Bxd4 37. Nc6 Re1+ 38. Kg2 Bd3  0-1

[Event "CAMPEONATO PANAMERICANO DE AJEDREZ"]
[Site "Hotel oro Verde, Guayaquil - Ecuador"]
[Date "2018.06.21"]
[Round "4"]
[Board "8"]
[White "Santacruz Gonzalez, Natalia"]
[Black "Matu Carballo, Magdalena"]
[Result "1/2-1/2"]
[WhiteElo "1487"]
[BlackElo "1858"]
[PlyCount "106"]
[EventDate "2018.06.19"]
[EventRounds "9"]
[EventCountry "ECU"]

1. e4 e5 2. Nf3 Nf6 3. d4 Nxe4 4. Nxe5 d6 5. Nf3 d5 6. Be3 Bd6 7. Nbd2 Bg4 8.
Be2 f5 9. Ne5 Bxe2 10. Qxe2 O-O 11. Nxe4 fxe4 12. Qb5 c6 13. Qxb7 Qb6 14. Qxb6
axb6 15. h4 Na6 16. a3 c5 17. Nd7 Rfd8 18. Nxb6 Rab8 19. Na4 cxd4 20. Bxd4 Rdc8
21. O-O-O Rc4 22. Nc3 Bf4+ 23. Be3 Be5 24. Rxd5 Bxc3 25. bxc3 Rxc3 26. Bd4 Rc4
27. Re1 Rbc8 28. c3 Nc7 29. Rc5 Rxc5 30. Bxc5 Nb5 31. Bb4 Nxc3 32. Bxc3 Rxc3+
33. Kb2 Rd3 34. Re2 Kf7 35. a4 Kf6 36. Rxe4 Rd2+ 37. Kb3 Rxf2 38. g4 Rh2 39. h5
g6 40. hxg6 Kxg6 41. Rd4 h5 42. gxh5+ Rxh5 43. Kc4 Rh1 44. a5 Kf5 45. Rd5+ Ke6
46. Rd4 Ke5 47. Rg4 Kd6 48. Kb5 Rb1+ 49. Ka6 Ra1 50. Rg5 Kc6 51. Ka7 Kc7 52. a6
Ra2 53. Rg7+ Kc6  1/2-1/2

[Event "CAMPEONATO PANAMERICANO DE AJEDREZ"]
[Site "Hotel oro Verde, Guayaquil - Ecuador"]
[Date "2018.06.21"]
[Round "4"]
[Board "9"]
[White "Penafiel Mendoza, Josselyne"]
[Black "Iza Mendoza, Nefthys Sayde"]
[Result "1-0"]
[WhiteElo "1793"]
[BlackElo "1498"]
[PlyCount "107"]
[EventDate "2018.06.19"]
[EventRounds "9"]
[EventCountry "ECU"]

1. d4 Nf6 2. c4 d6 3. Nc3 Nbd7 4. Nf3 e5 5. g3 Be7 6. Bg2 O-O 7. d5 a6 8. O-O
Re8 9. e4 Nc5 10. Re1 a5 11. b3 Bf8 12. a3 a4 13. bxa4 Bd7 14. Rb1 Nxa4 15.
Nxa4 Bxa4 16. Qd3 b6 17. Bd2 Nd7 18. Qc3 Nc5 19. Bc1 Qd7 20. Ng5 h6 21. Bh3 Qe7
22. Nf3 Ra7 23. Nh4 Rea8 24. Bg2 Bd7 25. Qf3 Ra4 26. Rb4 R4a7 27. Rb1 Ra4 28.
Bf1 Bc8 29. Nf5 Qd8 30. h4 g6 31. Ne3 Bg7 32. Rb4 R4a7 33. Be2 h5 34. Kh2 Qe7
35. Rh1 Nd7 36. Nc2 Nf6 37. Ne3 Bd7 38. Kg1 Qd8 39. Qg2 Qc8 40. f3 Bh6 41. Rb3
Ba4 42. Rc3 Bg7 43. g4 Qd8 44. Nf1 Bd7 45. Kf2 hxg4 46. fxg4 Qc8 47. Rg1 Rb7
48. h5 b5 49. h6 Bh8 50. h7+ Kf8 51. g5 Nh5 52. Bxh5 gxh5 53. g6 Bg7 54. Bh6
 1-0

[Event "CAMPEONATO PANAMERICANO DE AJEDREZ"]
[Site "Hotel oro Verde, Guayaquil - Ecuador"]
[Date "2018.06.21"]
[Round "4"]
[Board "10"]
[White "Munoz Naichap, Valerine Nicole"]
[Black "Ayala Rosero, Ariana Marcela"]
[Result "1-0"]
[WhiteElo "1591"]
[BlackElo "1584"]
[PlyCount "69"]
[EventDate "2018.06.19"]
[EventRounds "9"]
[EventCountry "ECU"]

1. d4 Nf6 2. Nf3 g6 3. c4 Bg7 4. Nc3 O-O 5. Bg5 d6 6. Qd2 c5 7. Rd1 Qa5 8. g3
Nc6 9. d5 Nb4 10. a3 Na6 11. Bg2 Nc7 12. O-O a6 13. Bh6 b5 14. Bxg7 Kxg7 15. e4
b4 16. axb4 cxb4 17. Ne2 Bb7 18. Qe3 Rab8 19. e5 dxe5 20. Ra1 Nfxd5 21. Qxe5+
f6 22. Rxa5 fxe5 23. cxd5 Bxd5 24. Nxe5 Bxg2 25. Kxg2 Rbd8 26. Nf4 Rd2 27. Nc4
Rd4 28. Rc5 Rf6 29. Rxc7 Kf7 30. Re1 g5 31. Rexe7+ Kg8 32. Rg7+ Kh8 33. Nh5 Rf8
34. Rxh7+ Kg8 35. Rcg7#  1-0

[Event "CAMPEONATO PANAMERICANO DE AJEDREZ"]
[Site "Hotel oro Verde, Guayaquil - Ecuador"]
[Date "2018.06.21"]
[Round "5"]
[Board "1"]
[White "Cervantes Landeiro, Thalia"]
[Black "Librelato, Kathie Goulart"]
[Result "1-0"]
[WhiteElo "2087"]
[BlackElo "2072"]
[PlyCount "65"]
[EventDate "2018.06.19"]
[EventRounds "9"]
[EventCountry "ECU"]

1. d4 Nf6 2. c4 g6 3. Nc3 Bg7 4. e4 d6 5. f4 c5 6. d5 e6 7. dxe6 Bxe6 8. Nf3
O-O 9. Bd3 Bg4 10. O-O Nc6 11. Be3 Re8 12. h3 Bxf3 13. Qxf3 Nd7 14. Kh1 a6 15.
Rad1 Qa5 16. Bb1 Nd4 17. Qf2 Rac8 18. f5 Nf6 19. Bg5 gxf5 20. Qh4 Nd7 21. Nd5
f6 22. Bh6 Bxh6 23. Qxh6 Qd8 24. Rf4 Rf8 25. e5 Rf7 26. Rfxd4 cxd4 27. e6 Rg7
28. exd7 Rxc4 29. Re1 Rxd7 30. Re8+ Qxe8 31. Nxf6+ Kf7 32. Nxe8 Kxe8 33. Qe6+
 1-0

[Event "CAMPEONATO PANAMERICANO DE AJEDREZ"]
[Site "Hotel oro Verde, Guayaquil - Ecuador"]
[Date "2018.06.21"]
[Round "5"]
[Board "2"]
[White "Lemus Pena, Macarena"]
[Black "Vittal, Sanjana"]
[Result "0-1"]
[WhiteElo "1781"]
[BlackElo "1945"]
[PlyCount "102"]
[EventDate "2018.06.19"]
[EventRounds "9"]
[EventCountry "ECU"]

1. Nf3 d5 2. c4 c6 3. g3 Bg4 4. Ne5 Bf5 5. Bg2 e6 6. b3 Nf6 7. Bb2 Nbd7 8. Nf3
Bd6 9. Nc3 O-O 10. O-O h6 11. Rc1 Re8 12. d4 Ne4 13. Nd2 Nxc3 14. Bxc3 Nf6 15.
Re1 a5 16. f3 e5 17. cxd5 Nxd5 18. e4 Nxc3 19. Rxc3 exd4 20. Rd3 Bh7 21. Kh1 c5
22. a4 Rb8 23. f4 b5 24. axb5 Rxb5 25. Nc4 Rb4 26. Rd2 a4 27. Nb2 axb3 28. Rd3
Qb8 29. Re2 Bg6 30. Bf3 f6 31. Rdd2 Qb7 32. Qf1 Qa7 33. Re1 Qc7 34. Nc4 Bf7 35.
Rc1 Reb8 36. Qe2 Bf8 37. Rb2 Qd7 38. Qd3 Kh8 39. Kg2 Qa4 40. Be2 Qd7 41. Qf3
Qc6 42. Bd3 Ra8 43. Kg1 Ra2 44. Qe2 Bxc4 45. Rxc4 Rxb2 46. Qxb2 Qa4 47. Rxb4
Qxb4 48. Be2 c4 49. Kf2 c3 50. Qc1 b2 51. Qb1 c2  0-1

[Event "CAMPEONATO PANAMERICANO DE AJEDREZ"]
[Site "Hotel oro Verde, Guayaquil - Ecuador"]
[Date "2018.06.21"]
[Round "5"]
[Board "3"]
[White "Mostacero Velarde, Isabella"]
[Black "Ruiz, Mishell"]
[Result "1-0"]
[WhiteElo "1827"]
[BlackElo "1877"]
[PlyCount "95"]
[EventDate "2018.06.19"]
[EventRounds "9"]
[EventCountry "ECU"]

1. e4 g6 2. Nc3 Bg7 3. d4 d6 4. Be3 a6 5. a4 b6 6. f3 Nd7 7. Nge2 Bb7 8. g4 c5
9. d5 Qc7 10. Ng3 h6 11. Qd2 Ne5 12. Be2 Nf6 13. h3 Ned7 14. b3 h5 15. g5 Nh7
16. h4 Nhf8 17. Rd1 Rd8 18. Na2 Nb8 19. c4 Nfd7 20. Qc2 Bc8 21. f4 Nf8 22. Bc1
Bd4 23. Bb2 e5 24. Bxd4 exd4 25. Nc1 Rd7 26. Nd3 Re7 27. e5 dxe5 28. fxe5 Rxe5
29. Nxe5 Qxe5 30. Qe4 Nfd7 31. O-O O-O 32. Qxe5 Nxe5 33. Ne4 Kg7 34. Rde1 a5
35. Nf6 Bh3 36. Rf2 Bg4 37. Rg2 Bxe2 38. Rexe2 Nf3+ 39. Kf1 Nxh4 40. Rgf2 Nf5
41. Nxh5+ gxh5 42. Rxf5 Kg6 43. Rf6+ Kxg5 44. Rxb6 f5 45. Rg2+ Kf4 46. Rh6 Nd7
47. Rxh5 Nf6 48. Rf2+  1-0

[Event "CAMPEONATO PANAMERICANO DE AJEDREZ"]
[Site "Hotel oro Verde, Guayaquil - Ecuador"]
[Date "2018.06.21"]
[Round "5"]
[Board "4"]
[White "Caballero Quijano, Mitzy Mishell"]
[Black "Munoz Naichap, Valerine Nicole"]
[Result "1-0"]
[WhiteElo "2069"]
[BlackElo "1591"]
[PlyCount "77"]
[EventDate "2018.06.19"]
[EventRounds "9"]
[EventCountry "ECU"]

1. e4 c5 2. Nf3 d6 3. Bb5+ Bd7 4. Bxd7+ Qxd7 5. c4 Nc6 6. Nc3 g6 7. d4 cxd4 8.
Nxd4 Bg7 9. Be3 Nf6 10. f3 O-O 11. Rc1 Nxd4 12. Bxd4 a6 13. a4 e6 14. O-O Rfd8
15. Qd2 Rac8 16. b3 Qe7 17. Rfd1 Ne8 18. Bxg7 Kxg7 19. a5 Qc7 20. Na4 Nf6 21.
Nb6 Qc5+ 22. Kh1 Rc6 23. b4 Qe5 24. Rc3 Nd7 25. Na4 Nf6 26. Qc2 h5 27. Qb3 Nd7
28. Rcd3 Rdc8 29. c5 dxc5 30. Rxd7 cxb4 31. Qxb4 Rc4 32. Qe7 Rxa4 33. Qxf7+ Kh6
34. f4 Qh8 35. Qe7 Rxa5 36. e5 Rxe5 37. fxe5 Qxe5 38. h4 Rh8 39. Rxb7  1-0

[Event "CAMPEONATO PANAMERICANO DE AJEDREZ"]
[Site "Hotel oro Verde, Guayaquil - Ecuador"]
[Date "2018.06.21"]
[Round "5"]
[Board "5"]
[White "Puppi Lazo, Stephanie Beatriz"]
[Black "Penafiel Mendoza, Josselyne"]
[Result "1-0"]
[WhiteElo "1832"]
[BlackElo "1793"]
[PlyCount "87"]
[EventDate "2018.06.19"]
[EventRounds "9"]
[EventCountry "ECU"]

1. e4 c5 2. Nf3 d6 3. Nc3 Nf6 4. Bc4 a6 5. d4 cxd4 6. Nxd4 e6 7. Bb3 Nbd7 8.
Bg5 Qa5 9. Qd2 Nc5 10. O-O-O Be7 11. Kb1 Nfxe4 12. Nxe4 Qxd2 13. Nxd6+ Bxd6 14.
Bxd2 O-O 15. Be3 Be7 16. f4 Rd8 17. Bc4 Bd7 18. Be2 Rac8 19. Bf3 Be8 20. Rd2 f6
21. Rhd1 Bf7 22. Nc6 bxc6 23. Rxd8+ Rxd8 24. Rxd8+ Bxd8 25. Bxc5 Be8 26. b4 Bc7
27. g3 Bd7 28. Kb2 Kf7 29. Kb3 Ke8 30. a4 Kd8 31. c4 h6 32. Bf8 g6 33. Bxh6 Ke8
34. h4 Kf7 35. g4 Bd6 36. Be4 Be8 37. c5 Bc7 38. Bd3 a5 39. b5 Bb8 40. Kc4 Bc7
41. Be4 Kg8 42. bxc6 f5 43. gxf5 gxf5 44. Bf3  1-0